000 01029nam a2200217Ia 4500
003 Ost
005 20260507075712.0
008 260507s9999||||xx |||||||||||||| ||und||
040 _cfsecg
041 _aara
100 _aالصحن، محمد فريد
_eمؤلف
245 0 _aالتسويق /
_c محمد فريد الصحن
260 _aالاسكندرية:
_bالدار الجامعية,
_c2003
300 _a423 صفحة؛
_bإيضاحات ؛
_c24 سم
504 _aالمراجع: ص.421
520 _aماهية التسويق،المفهوم التسويقي،قطاعية السوق والأسواق المستهدفة،المعلومات لإتخاذ القرارات التسويقية،السلوك الشرائي للمستهلك،أسواق الأعمال،المنتجات،التسعير،الترويج،التوزيع،تقييم الأداء التسويقي
653 _aالترويج
653 _aالتسويق
700 _aاسماعيل، محمد
_eمؤلف ثانوي
942 _cكتاب
999 _c45898
_d45898